000 00317nam a22001457a 4500
008 210517b ||||| |||| 00| 0 eng d
020 _a9789988123031
041 _aeng
080 _a37
082 _a37
100 _a46
101 _aEDU
245 _aDestiny a Reality or Mirage
_cPaul K. Awua
942 _2udc
_cBK
999 _c57372
_d57372